Drexel Basketball: Top 10 All-Time Leaders - Statistics

General Stats
  • This quiz has been taken 1 time
    0 since last reset
  • The average score is 0 of 92
Answer Stats
Category # Player Amount % Correct
Blocks 4 Amari Williams 186
0%
Blocks 5 Austin Williams 143
0%
Assists 5 Bashir Mason 471
0%
Steals 2 Bashir Mason 226
0%
Games T9 Bashir Mason 120
0%
Points 9 Bob Stephens 1,612
0%
Rebounds 2 Bob Stephens 1,316
0%
Field Goal Percent 9 Bob Stephens 48.7%
0%
Points Per Game 7 Bob Stephens 16.3
0%
Assists 8 Brian Holden 379
0%
Steals 9 Brian Holden 115
0%
Three Pointers Made 7 Brian Holden 204
0%
Points Per Game 4 Brian Holden 16.7
0%
Assists 7 Bryant Coursey 410
0%
Points 6 Camren Wynter 1,657
0%
Assists 3 Camren Wynter 577
0%
Steals 5 Camren Wynter 140
0%
Points Per Game 10 Camren Wynter 14.5
0%
Rebounds 9 Chaz Crawford 819
0%
Blocks 1 Chaz Crawford 318
0%
Games T9 Chaz Crawford 120
0%
Points 5 Chris Fouch 1,744
0%
Three Pointers Made 4 Chris Fouch 275
0%
Games 5 Chris Fouch 126
0%
Assists 6 Clarence Armstrong 420
0%
Three Pointers Made 8 Damion Lee 196
0%
Points Per Game 8 Damion Lee 16.2
0%
Rebounds 8 Dartaye Ruffin 829
0%
Blocks 10 Dartaye Ruffin 75
0%
Games 6 Dartaye Ruffin 125
0%
Rebounds 6 Daryl McCoy 864
0%
Games T2 Daryl McCoy 128
0%
Field Goal Percent 10 Dave Broadus 48.5%
0%
Games 7 Derrick Thomas 124
0%
Three Pointers Made 6 Dominick Mejia 217
0%
Blocks 6 Frank Elegar 137
0%
Field Goal Percent 7 Frank Elegar 52.0%
0%
Points 7 Frantz Massenat 1,646
0%
Assists 4 Frantz Massenat 548
0%
Games T2 Frantz Massenat 128
0%
Games 8 Gerald Colds 122
0%
Points Per Game 6 Greg Newman 16.5
0%
Rebounds 4 James Butler 1,013
0%
Field Goal Percent 3 James Butler 55.8%
0%
Assists 10 Jeff Myers 328
0%
Steals 7 Jeff Myers 132
0%
Points Per Game 9 Jeff Myers 15.5
0%
Assists 9 Jeremiah King 358
0%
Points 4 Joe Linderman 1,816
0%
Rebounds 10 Joe Linderman 808
0%
Field Goal Percent 2 Joe Linderman 56.4%
0%
Points Per Game 5 Joe Linderman 16.5
0%
Points 2 John Rankin 2,111
0%
Rebounds 5 John Rankin 886
0%
Steals 8 John Rankin 116
0%
Blocks 3 John Rankin 207
0%
Field Goal Percent 5 John Rankin 54.5%
0%
Points Per Game 2 John Rankin 19.2
0%
Field Goal Percent 1 Jonathan Raab 59.6%
0%
Field Goal Percent 8 Len Hatzenbeller 49.4%
0%
Points 3 Malik Rose 2,024
0%
Rebounds 1 Malik Rose 1,514
0%
Blocks 8 Malik Rose 121
0%
Field Goal Percent 4 Malik Rose 54.9%
0%
Points Per Game 3 Malik Rose 16.9
0%
Games T9 Malik Rose 120
0%
Games 1 Mate Okros 135
0%
Points 1 Michael Anderson 2,208
0%
Assists 1 Michael Anderson 724
0%
Steals 1 Michael Anderson 341
0%
Points Per Game 1 Michael Anderson 19.2
0%
Points 8 Mike Derocckis 1,620
0%
Three Pointers Made 1 Mike Derocckis 313
0%
Rebounds 7 Mike Kouser 858
0%
Three Pointers Made 5 Mike Wisler 232
0%
Steals 3 Phil Goss 166
0%
Three Pointers Made 2 Phil Goss 306
0%
Field Goal Percent 6 Richard Congo 54.3%
0%
Blocks 2 Robert Battle 246
0%
Blocks 7 Rodney Williams 128
0%
Rebounds 3 Samme Givens 1,059
0%
Blocks 9 Samme Givens 97
0%
Games T2 Samme Givens 128
0%
Steals 6 Sammy Mojica 135
0%
Three Pointers Made 9 Sammy Mojica 193
0%
Games T9 Sammy Mojica 120
0%
Steals 10 Scott Rodgers 112
0%
Points 10 Todd Lehmann 1,546
0%
Assists 2 Todd Lehmann 668
0%
Three Pointers Made 3 Todd Lehmann 285
0%
Steals 4 Tramayne Hawthorne 143
0%
Three Pointers Made 10 Tramayne Hawthorne 191
0%
No matching quizzes found
Score Distribution
Percent of People with Each Score
Percentile by Number Answered
Your Score History
You have not taken this quiz since the last reset